000 00462nam a2200181Ia 4500
008 090124s9999 xx 000 0 und d
082 _b123000
100 _aकाशिकर एस.एम.
245 _a नरपशू
250 _a1
260 _c1988
300 _a175
600 _aकाशिकर एस.एम.
630 _a नरपशू
700 _aकाशिकर एस.एम.
730 _a नरपशू
942 _cBOOK
999 _c169086
_d169086